| 000 | 00681nam a22001935i 4500 | ||
|---|---|---|---|
| 001 | 164373 | ||
| 003 | ES-MaACL | ||
| 005 | 20251005063130.0 | ||
| 008 | 050802s1862 fr | |||||||| ||fre d | ||
| 040 |
_aCAM _bspa _cCAM |
||
| 100 | 1 |
_aSainte-Beuve, Charles-Augustin, _d1804-1869 _9162958 |
|
| 245 | 1 | 0 |
_aPortraits de femmes / _cpar C.-A. Sainte-Beuve. |
| 250 | _aNouvelle éd. rev. et corr. | ||
| 260 |
_aParis : _bGarnier Frères, libraires-éditeurs, _c1862 ( _fImprimerie de P.-A. Bourdier et C.) |
||
| 300 |
_a482, [2] p. ; _c18 cm. |
||
| 650 |
_aMujeres- _zFrancia- _vBiografías. _9157311 |
||
| 852 |
_aES-MaACL _jG-15880 _z-- Enc. hol. |
||
| 999 |
_c164373 _d164373 |
||